| 000 | 00460nam a22001817a 4500 | ||
|---|---|---|---|
| 005 | 20230623114609.0 | ||
| 008 | 230623b |||||||| |||| 00| 0 eng d | ||
| 020 | _a8120414500 | ||
| 082 |
_a610.3 _bOXF |
||
| 100 | _aP.S.Shankar | ||
| 245 | _aOxford & IBH New Medical Dictionary | ||
| 260 |
_aIndia _bOxford & IBH Publishing Co Pvt Ltd _c2002 |
||
| 300 | _a871 | ||
| 500 | _aWith Color Plates | ||
| 650 | _aMedical | ||
| 700 | _aP.S.Shankar | ||
| 999 |
_c18811 _d18811 |
||